LEADER 00677nas a2200181 i 4500 001 000000016964 003 CaOOAMICUS 005 20180830125443.0 008 180830s2006 it u0 ita u 040 $aSeMil$bita 245 12$aI grandi filosofi :$bvita, pensiero, opere scelte /$cda Armando Massarenti. 250 $aEdizione speciale. 260 $aMilano :$bIl Sole 24 ORE,$c2006. 300 $av. :$bill. ;$c22 cm. 500 $aIn custodia. 700 1 $aMassarenti, Armando.$0(OLS)http://semarc/name/7791 996 $6245$aI grandi filosofi :$bvita, pensiero, opere scelte$9(OLS)http://semarc/title/22436 996 $6260$aMilano :$bIl Sole 24 ORE$9(OLS)http://semarc/publisher/32564 LEADER 00910nam a2200229 i 4500 001 000000023761 003 CaOOAMICUS 005 20180830125446.0 008 180830n it u000 u ita u 040 $aSeMil$bita 100 1 $aVincent : de Paul .$0(OLS)http://semarc/name/3937 245 10$aCarteggio. Conferenze. Documenti /$cSan Vincenzo de' Paoli. 260 $aRoma :$bEdizioni Liturgiche Missionarie,$c[193?] 300 $av. ;$c26 cm. 650 4$aDe Paoli, Vincenzo - Lettere e carteggi.$0(OLS)http://semarc/subject/3444 774 0 $t[1658-1659].$w()64226 774 0 $t1654-1660.$w()64228 774 0 $t1634-1654.$w()64238 900 0 $aVincenzo : De' Paoli. 996 $6245$aCarteggio. Conferenze. Documenti$9(OLS)http://semarc/title/31892 996 $6260$aRoma :$bEdizioni Liturgiche Missionarie$9(OLS)http://semarc/publisher/36014